[Event "Paris GCT rapid"]
[Site "Paris"]
[Date "2016.06.09"]
[Round "4"]
[White "Kramnik, Vladimir"]
[Black "Vachier Lagrave, Maxime"]
[Result "0-1"]
[WhiteElo "2812"]
[BlackElo "2789"]
[Annotator "Mekhitarian,K"]
[PlyCount "124"]
[EventDate "2016.06.09"]
[EventType "tourn (rapid)"]
[EventRounds "9"]
[EventCountry "FRA"]
[EventCategory "22"]
[SourceTitle "CBM 173"]
[Source "ChessBase"]
[SourceDate "2016.07.12"]
[SourceVersion "1"]
[SourceVersionDate "2016.07.12"]
[SourceQuality "1"]

1. Nf3 c5 2. e3 Nf6 3. d4 {Kramnik has been testing a lot different systems
with White, with excellent results. This is one of them.} d5 (3... g6 {is a
normal reaction for a Grünfeld player. Kramnik had already faced it, and won
in great fashion:} 4. d5 $5 Bg7 5. Nc3 O-O 6. Bc4 d6 7. O-O Re8 (7... Bg4 8. e4
Nbd7 9. Be2 Bxf3 10. Bxf3 Ne8 11. Be2 a6 12. a4 b6 13. Qd3 $14 {1/2-1/2 (53)
Demidov,M (2506)-Khalifman,A (2614) Sochi 2016. White achieved a great
position in this game too, with the bishop pair, and the pawn still on c2 (it
is important, because later the pawn could go to c3 and limit the g7-bishop
and control more dark squares, not to mention that it gives more freedom to
the e2-bishop).}) 8. e4 e6 9. Re1 exd5 10. Nxd5 Nc6 11. Bg5 Be6 12. c3 Bxd5 13.
Bxd5 Qc7 14. Bxf6 Bxf6 15. Nd2 {with a healthy positional advantage, later
converted into a nice win.} Rad8 16. Qb3 a6 17. a4 Rb8 18. Nc4 Ne5 19. a5 Nxc4
20. Qxc4 b5 21. axb6 Rxb6 22. Re2 Reb8 23. Ra2 $16 {1-0 (34) Kramnik,V (2801)
-Sjugirov,S (2674) Sochi 2016; when the opposite-coloured bishops with major
pieces leave Black in a horrible position, since the white one on d5 is much
more active than its counterpart.}) 4. c3 e6 5. Nbd2 Nc6 6. Bd3 Be7 7. O-O O-O
8. Ne5 {One of the main ideas in this system - White places a strong knight on
e5, and it is not obvious how to deal with it. Taking it allows a white pawn
on e5, and trying to push it with ...f6 is not as easy as it looks.} Nd7 9. f4
(9. Qh5 $6 g6 10. Nxg6 $2 hxg6 11. Bxg6 Nf6 {and Black wins two pieces.}) 9...
f5 (9... f6 10. Qh5 f5 {similar to the game} (10... g6 $4 {now it fails!} 11.
Bxg6 hxg6 12. Qxg6+ Kh8 13. Rf3 $18)) 10. g4 {A typical reaction, White wants
to add to the pressure on his opponent's structure.} Nf6 {Black also takes the
chance to occupy the e4-square.} 11. gxf5 exf5 12. Ndf3 Ne4 13. Qe2 {It looks
like White has the easier play now, with Kh1, Rg1, Bd2, Rg2, Rag1, and even
not having a direct way to break through, White can always take on e4 and/or
create threats against the black king on the g-file. To release the pressure,
Black will need to take the knight on e5 at some point, which leads to another
complex positional struggle.} Rf6 {I am not so sure either about this rook
transfer to h6. At some point it feels like Black will need to play g6, and
that would leave the rook awkardly placed there.} 14. Kh1 Rh6 15. Rg1 Nxe5 16.
Nxe5 c4 (16... Be6 $5 {keeping it flexible, was also possible.} 17. Bd2 Bd6 {
I would like to play like this with Black, because I can also have the option
to take my opponent's strong knight. Kramnik keeps that option and takes on e4
later, in a better situation.} 18. Rg2 $13 {with a complicated game to follow.
White doubles on the g-file, questioning the rook on h6, that may stay totally
out of play, if he plays ...g6.}) 17. Bc2 Bh4 18. Rg2 Qe8 19. Bd2 Qh5 20. Qxh5
Rxh5 21. Be1 Bf6 22. b3 $1 {Creating play on the queenside as well.} Be6 (22...
Bxe5 23. dxe5 cxb3 24. Bxb3 $5 Be6 25. Rd1 $14) (22... cxb3 23. axb3 (23. Bxb3
$6 Be6 {followed by ...Rc8}) 23... Be6 24. Bd3 a6 {preparing ...Rc8} 25. c4 $13
) 23. bxc4 dxc4 24. Bxe4 fxe4 25. Rb2 Rh3 (25... b6 {was safer} 26. a4 Bxe5 27.
dxe5 Rd8 $132) 26. Bg3 h5 $6 {Too optimistic.} (26... Bd5 27. Rb5 Rd8 {looked
safe, probably MVL did not want to allow Kg2} 28. Kg2 Rh6 29. Ra5 {stopping ...
Bxe5 followed by ...Ra6} Bxe5 $5 (29... a6 30. Rb1 $14) 30. fxe5 Rb6 31. Rxa7
Rb2+ 32. Kg1 $13) 27. Rxb7 h4 28. Bf2 Bxe5 29. dxe5 Rd8 30. Rg1 Kf8 {A
practical chance, 30...Rd7 was too passive.} 31. Rgxg7 Rf3 32. Bg1 $1 {keeping
the strong attack} (32. Bxh4 $2 Rd1+ 33. Rg1 Rxg1+ 34. Kxg1 Rxe3 $132) 32... h3
(32... Rb8 {it was again possible to accept passive play, forcing White to
choose precise moves in order to achieve a winning position.} 33. Rxa7 Ra8 34.
Rac7 Rc8 35. Rb7 Rb8 (35... Bd5 36. Ra7 Rxf4 (36... Ra8 37. Rxa8+ Kxg7 38. Rd8
Be6 39. Rd2 Rf1 40. Rf2 {-- 35...Rb8}) 37. e6 $1 Rf6 38. e7+ Ke8 39. a4 $18 {
bringing new forces in!}) 36. Rxb8+ Kxg7 37. Rb2 $1 Rf1 38. Rf2 Rc1 39. f5 Bd5
40. Kg2 h3+ 41. Kxh3 $1 Rxg1 42. Rg2+ Rxg2 43. Kxg2 $18 {easily winning the
endgame.}) 33. Rg6 $6 {He still wins, but this move makes it more difficult.} (
33. Rh7 $1 {was straightforward, creating threats on the 8th rank} Bg8 (33...
Kg8 34. Rbg7+ Kf8 35. Rxa7 Kg8 36. Rag7+ Kf8 37. Rg6 $18 {and White wins}) 34.
Rh8 $18 {with the unstoppable e6 coming.}) 33... Rd7 $1 34. Rb8+ Kf7 35. Rbg8
$6 (35. Rf6+ Ke7 36. Rh8 Rf1 {...Bg4 threatened} 37. Rg6 {defending and
threatening Rg7+ followed by Rxh3, that practically solves all White's issues
to convert the endgame} Bf7 38. Rg7 Ke6 39. Rxh3 $18) 35... Bf5 $1 36. R6g7+
Ke6 37. Re8+ $6 (37. Rg5 Rf7 38. Rd8 $1 {avoiding the king transfer to the
queenside} Rf1 39. Rd6+ Ke7 40. Ra6 $16 {But I still won't take the risk of
evaluating the position as won for White.}) 37... Kd5 38. Rg5 Be6 {Now White's
attack is gone and he has to be watching for the decisive counterplay against
his own king.} 39. Rf8 Rf7 40. Rb8 Rf1 41. Rg6 Re7 42. Rb5+ Kc6 43. Rb2 Re8 44.
Rd2 (44. Rf2 $1 Rxf2 45. Bxf2 $14) 44... Kc5 45. Rd6 (45. Rf2 $5 Rc1 46. f5 Bf7
47. Rg3 (47. Rg5 $2 Bh5 $1 {Rxh5 is not possible in view of ...Rg8!} 48. Rg3
Kd5 49. e6 Bf3+ 50. Rfxf3 exf3 51. Rxf3 Ke5 $19) 47... Bh5 48. e6 Bf3+ 49.
Rfxf3 exf3 50. Rxf3 Kd5 51. Rxh3 Ke4 52. f6 Rxe6 53. Rh4+ Ke5 54. Rxc4 Rxf6 55.
Rg4 {and White should survive, but there is still play} Rxc3 $17) 45... Bf5 46.
Rg7 Re7 $1 47. Rg5 (47. Rxe7 {leads to a draw, which wasn't a bad result after
such a crazy game. In the other hand, it is only natural that Kramnik
continues to push for a win with these strong passed pawns, but things start
to go wrong soon.} Bg4 48. Rc7+ Kb5 49. Rb7+ Kc5 50. Rc7+ Kb5 51. Rb7+ Kc5 $11)
47... Be6 48. a4 Rc1 49. Rg6 $6 (49. f5 $5 Bxf5 $1 50. Ra6 $1 {attacking the
bishop on f5, and having enough time to avoid ...Rxc3 and the king escaping
through b4} (50. Rxf5 $4 Rg7 $19) 50... Be6 51. Rg6 $1 Kd5 52. Ra5+ Kc6 53.
Ra6+ Kd5 $11) 49... Bd7 $1 {Now ...Rxc3 is coming and White is in trouble.} 50.
f5 {too late.} Bxf5 51. Rg5 Be6 52. Rg6 Bd7 $19 53. Ra6 Rxc3 54. e6 Bc8 55.
Rg5+ Kb4 56. Rc6 Bxe6 57. a5 Bd7 58. Rd6 Rd3 59. Rf6 c3 60. Rf2 Ba4 61. Rg8 Bd1
62. Rb8+ Ka3 {A painful loss for White!} 0-1

[Event "Paris GCT rapid"]
[Site "Paris"]
[Date "2016.06.10"]
[Round "9"]
[White "Carlsen, Magnus"]
[Black "Kramnik, Vladimir"]
[Result "1-0"]
[WhiteElo "2855"]
[BlackElo "2812"]
[Annotator "Sadorra,J"]
[PlyCount "125"]
[EventDate "2016.06.09"]
[EventType "tourn (rapid)"]
[EventRounds "9"]
[EventCountry "FRA"]
[EventCategory "22"]
[SourceTitle "CBM 173"]
[Source "ChessBase"]
[SourceDate "2016.07.12"]
[SourceVersion "1"]
[SourceVersionDate "2016.07.12"]
[SourceQuality "1"]

1. d4 d5 2. c4 e6 3. Nc3 Nf6 4. cxd5 Nxd5 {This is known as the Semi-Tarrasch
Defence. It has a solid reputation but White usually gets a small edge in the
middlegame owing to more central control. However, this is not to say that
White always gets better chances in practice, especially against a very
well-prepared player like Kramnik.} 5. e4 Nxc3 6. bxc3 c5 7. Nf3 cxd4 8. cxd4
Bb4+ 9. Bd2 Bxd2+ 10. Qxd2 O-O 11. Bc4 Nd7 ({The other normal line is} 11... b6
12. O-O Bb7 13. Rfe1 Nc6 14. Rad1 {aiming for more central control.}) 12. O-O
b6 13. a4 $5 {This plan of quickly ramming the queenside seems to give Black
more problems in practice.} Bb7 14. Bd3 e5 {Kramnik's improvement over their
game in Norway Blitz earlier this year.} ({Their previous blitz encounter
continued} 14... Rb8 15. Rfe1 h6 16. a5 b5 17. Rac1 a6 18. Qb4 Rc8 19. Nd2 Rxc1
20. Rxc1 Ne5 $2 (20... Nb8 $1 {aiming for c6 is much better.}) 21. Bxb5 axb5
22. dxe5 Qd3 23. h3 Rd8 24. Rc7 Ba8 25. Qe7 Rf8 26. Qd6 Qe2 27. f3 Qe3+ 28. Kh2
Qf4+ 29. Kh1 b4 30. a6 h5 31. a7 h4 32. Qxb4 Qxe5 33. Qc5 Qxc5 34. Rxc5 Rd8 35.
Nc4 Kh7 {1-0 (35) Carlsen,M (2851)-Kramnik,V (2801) Stavanger NOR 2016}) 15.
Qe3 $1 $146 {The World Champion is well prepared!} (15. d5 Nc5 16. Bc2 (16. Qe3
f5 $132) 16... f5 $1 $11 {and Black gains equal chances in both lines.}) 15...
exd4 16. Nxd4 Nc5 17. Bc2 Re8 18. f3 Qf6 19. a5 Rad8 20. Rfd1 $14 {White is
slightly better due to his better pawn structure, more central control and
room for his pieces.} Ba6 21. axb6 axb6 22. Ba4 $5 {A creative way to get rid
of the strong knight on c5.} (22. Nb3 {trading the knight seems also like a
good idea, but Magnus probably didn't think he could create enough problems
for Black after} Nxb3 23. Bxb3 Rxd1+ 24. Rxd1 Rd8 25. Rxd8+ (25. Bd5 Bc4) 25...
Qxd8 26. Bd5 Qc7 $11) 22... Nxa4 23. Rxa4 b5 (23... Bb7 24. Rb4 $36) (23... Bc8
24. Rb4 $36) 24. Rb4 Rd7 25. Rc1 {Even though Black has defensive resources,
Magnus likes playing positions where he has long-term pressure, creating small
problems for the enemy one after another and taking advantage of inaccuracies.}
Red8 $6 {Just like this.} (25... h6 $142 26. Rc6 Re6 $1 {a small tactic comes
to the rescue} 27. Nxe6 $4 (27. Rc5 Re5 $11) 27... Rd1+ 28. Kf2 Qh4+ $19) (
25... Rc8 {could also keep the balance but it's difficult to judge whether
this trade is beneficial or not during play.}) 26. e5 {Gaining more space, and
introducing e6 ideas in the future.} Qb6 27. Rc6 $1 Qa7 28. Nf5 Qxe3+ ({
Throwing in checks} 28... Rd1+ 29. Kf2 R1d2+ 30. Kg3 $14 {doesn't change the
evaluation of the position.}) 29. Nxe3 {Magnus has converted a slightly better
middlegame game to a superior ending. Now let's watch and learn from the World
Champion's endgame technique.} Ra8 30. Kf2 g6 31. h4 $1 {With the idea of
h5-h6. In case you haven't noticed from his games (any time-control!), Magnus
is fond of using "rook pawn thrusts."} h5 {.} 32. e6 $1 {perfect timing, now
that Black has already weakened g6} fxe6 33. Rxe6 Kh7 34. Rf4 (34. Rb6 $1 $16 {
[%cal Gb4f4,Gf4f6,Ge4e6] making sure the bishop is tied down before activating
the b4-rook} Raa7 35. Re4) 34... Bc8 35. Rb6 Ra2+ 36. Kg3 Re2 37. Re4 Bb7 38.
Nd5 $1 Rxe4 39. Nf6+ Kg7 40. Nxd7 Re7 {A critical moment, as evidenced by
Magnus' long pause before he made his next move.} 41. Nb8 $1 {Magnus chooses
the move that keeps the best practical winning chance.} (41. Nc5 Bc8 42. Rxb5
Re5 {looks drawish due to the unpleasant pin. While White may be able to break
the pin, the resulting minor piece ending gives Black good drawing chances
especially against an endgame virtuoso like Volodya.} 43. Ra5 Kh6 44. Nb3 Rxa5
(44... Re3 {may be more stubborn}) 45. Nxa5 g5 $1 46. Nc4 (46. hxg5+ Kxg5)
46... Ba6) (41. Rxb7 b4 $1 {is Kramnik's defensive trick} 42. Kf4 (42. Nc5 $4
Rxb7 43. Nxb7 b3 {the passed pawn is too fast}) 42... b3 43. Rxb3 Rxd7 $11)
41... Rc7 42. Rxb5 Kf6 {There's different ways to continue here but the next
moves show both sides shuffling pieces to manage their time. The onus is on
White to do something, because he has to extricate his knight from b8 to make
any sort of progress.} 43. Rb2 Kf5 44. Rb6 Re7 45. Rb5+ Kf6 46. Kf4 Rc7 47.
Rb6+ Kg7 48. Rd6 (48. Kg5 Rc5+ 49. Kf4 Rc7 {doesn't do anything.}) 48... Rc4+
49. Kg3 Rc7 50. Rd7+ $1 {A well-judged decision to transform the game into a
minor piece ending.} (50. Nd7 $5 {is also playable} Rc6 51. Rd4 $14) 50... Rxd7
51. Nxd7 {The important thing to see here is the possibility of getting the
white king on to g5 where it'll be winning.} Ba6 (51... Bc6 52. Nc5 Kf6 53. Kf4
{with Ne4 to follow then Kg5.}) (51... Kh6 52. Kf4 $1 {compared to the minor
piece ending arising after 41.Nc5, Black cannot trade a set of pawns here
which changes the evaluation of the situation big time.}) 52. Nc5 (52. Kf4 {
also works} Bf1 53. g3 Be2 54. Nc5 Bd1 55. Ne4 Kf7 56. Nc3 $1 {kicking the
knight out and liberating the king from the defence of f3} (56. Nd2 Kf6)) 52...
Bf1 53. Ne4 Kf7 54. Nd2 Bd3 {It's only a matter of time for White to execute
the winning plan: get the king to g5, then prepare & execute the f4-f5 pawn
break.} 55. Kf4 Ke6 56. Kg5 Kf7 57. Nb3 Bf1 58. g3 Kg7 59. Nd4 Bc4 60. f4 Bd3
61. f5 {Tada!} gxf5 62. Nxf5+ Kh7 63. Ne3 {The h-pawn will eventually drop off,
so Black resigned.} 1-0

[Event "Paris GCT blitz"]
[Site "Paris"]
[Date "2016.06.11"]
[Round "1"]
[White "Kramnik, Vladimir"]
[Black "Giri, Anish"]
[Result "0-1"]
[WhiteElo "2812"]
[BlackElo "2782"]
[Annotator "Besenthal,K"]
[PlyCount "70"]
[EventDate "2016.06.11"]
[EventType "tourn (blitz)"]
[EventRounds "18"]
[EventCountry "FRA"]
[EventCategory "22"]
[SourceTitle "CBM 173"]
[Source "ChessBase"]
[SourceDate "2016.07.12"]
[SourceVersion "1"]
[SourceVersionDate "2016.07.12"]
[SourceQuality "1"]

1. Nf3 Nf6 2. g3 c5 3. Bg2 Nc6 4. O-O e5 5. e4 d6 6. d3 g6 7. a3 Bg7 8. Nc3 O-O
9. Rb1 a6 10. b4 b5 11. Be3 cxb4 12. axb4 h6 13. h3 Be6 14. d4 Bc4 15. Re1 Rc8
16. Qd2 Kh7 17. g4 d5 18. Nxe5 Nxe5 19. dxe5 Nxe4 20. Nxe4 dxe4 21. Bxe4 Qxd2
22. Bxd2 Bxe5 23. Bxg6+ fxg6 24. Rxe5 Rf7 25. Be3 Rd8 26. Ra1 Rd6 27. c3 g5 28.
Bd4 Kg6 29. Re8 Rf3 30. Kh2 h5 31. Ra8 hxg4 32. hxg4 Rf4 {Diagramm [#]} 33.
Rg8+ $4 {Offenbar in höchster Zeitnot gespielt.} ({Nach} 33. Be5 $1 Rxf2+ 34.
Kg3 {hätte Schwarz zunächst eine Qualität verloren. Anschließend wäre
noch das Schlagen auf a6 gefolgt und Weiß hätte die Partie gewonnen.}) 33...
Bxg8 34. Be5 Rxf2+ 35. Kg3 Rdd2 0-1

[Event "Leuven GCT rapid"]
[Site "Leuven"]
[Date "2016.06.17"]
[Round "1"]
[White "Kramnik, Vladimir"]
[Black "Nakamura, Hikaru"]
[Result "1-0"]
[WhiteElo "2812"]
[BlackElo "2787"]
[Annotator "Roiz,M"]
[PlyCount "85"]
[EventDate "2016.06.17"]
[EventType "tourn (rapid)"]
[EventRounds "9"]
[EventCountry "BEL"]
[EventCategory "22"]
[SourceTitle "CBM 173"]
[Source "ChessBase"]
[SourceDate "2016.07.12"]
[SourceVersion "1"]
[SourceVersionDate "2016.07.12"]
[SourceQuality "1"]

1. Nf3 d5 2. g3 Nf6 3. Bg2 e6 4. O-O Be7 5. c4 O-O 6. b3 {Vladimir has an
exceptional knowledge of the Catalan, but this time he deviates from playing
d2-d4 so early.} c5 7. cxd5 Nxd5 8. Bb2 Nc6 9. d4 {The position contains a
definite strategic danger for Black, who is suffering from a passive
light-squared bishop.} (9. Nc3 {has also been successfully employed by
Vladimir:} Bf6 (9... Nxc3 10. Bxc3 Bd7 11. Qb1 Rc8 12. Rd1 Bf6 13. d4 Qe7 14.
Qb2 cxd4 15. Nxd4 b6 16. Nxc6 Bxc6 17. Bxf6 Qxf6 18. Qxf6 gxf6 19. Rac1 Bxg2
20. Kxg2 $14 {Kramnik,V - Anand,V / Leuven BEL 2016}) 10. Qc2 b6 11. Nxd5 exd5
12. d4 $14 {Kramnik,V - Nakamura,H / Leuven BEL 2016}) 9... cxd4 10. Nxd4 Bd7
11. Na3 ({Another game in the same event saw} 11. Nc3 Nxc3 12. Bxc3 Rc8 13. Qd3
Nxd4 14. Bxd4 Bb5 15. Qxb5 Qxd4 16. Qxb7 $14 {Giri,A- Anand,V / Leuven BEL
2016, White was a pawn up, but didn't manage to win.}) 11... Bf6 ({Another way
to simplify matters didn't fully solve the problems:} 11... Nxd4 12. Qxd4 Bf6
13. Qd2 Bc6 14. Nc4 Bxb2 15. Qxb2 $14) 12. Nc4 Nxd4 13. Bxd4 Bb5 {Black
manages to find an effective job for the bishop.} 14. Rc1 Rc8 15. a4 Ba6 {
This position was well-known to Vladimir Kramnik, who had to defend Black's
side in the previous event.} 16. e3 $146 {This prophyactic move is a novelty.}
({After} 16. Bxf6 Qxf6 $6 (16... Nxf6 $142 17. Qxd8 Rfxd8 18. Nd6 Rb8 19. Nb5
Bxb5 20. axb5 a6 $11) 17. Bxd5 Rcd8 18. e4 exd5 19. exd5 Qg5 20. d6 $14 {
Giri,A - Kramnik,V / Paris FRA 2016, Black was under pressure.}) 16... b6 (
16... b5 $5 {deserved serious attention:} 17. axb5 Bxb5 18. Re1 Nb4 19. Qd2 Be7
{and Black is close to full equality.}) 17. Bxd5 {Forcing major
simplifications.} Qxd5 ({The more dynamic way of handling the position was} 
17... Bxd4 $5 18. Bxe6 fxe6 19. Qxd4 Qxd4 20. exd4 Rf3 $1 21. Ne5 Rfc3 {
and the activity of the pieces offers Black full compensation for a pawn.}) 18.
Bxf6 Qxd1 $6 {This isn't a serious mistake, but giving up control over the
d-file is a definite concession.} ({Instead, the cool-blooded} 18... gxf6 $1
19. Qxd5 exd5 20. Nd6 Rcd8 21. Nb5 d4 $1 22. exd4 Bxb5 23. axb5 Rxd4 24. Rc7
Rb4 $11 {would allow Black to get half a point quite comfortably.}) 19. Rfxd1
gxf6 20. Rd7 {The rook's penetration to the 7th rank is quite annoying for
Hikaru.} Bxc4 21. bxc4 {[%mdl 4096]} a6 $2 {Mistakes rarely come singly! This
one leads to the loss of a pawn.} ({Instead, the correct} 21... a5 22. Rd6 Rb8
23. Kf1 Rfc8 24. Ke2 Kf8 25. Kd3 Ke7 26. Rd4 Rc6 {would still offer Black a
defendable position.}) 22. Ra7 $2 {Both players are committing mistakes in the
resulting endgame, but this is usual for rapid games.} (22. Rd6 $1 {was much
stronger:} b5 23. axb5 axb5 24. c5 $1 {and the Pb5 would fall soon:} Rfd8 25.
Rb6 Rb8 26. Rb1 $16) 22... b5 $2 {Returning the favour!} ({The patient} 22...
a5 $1 23. c5 Rc6 $1 (23... bxc5 {is less precise:} 24. Rc4 Rfd8 25. Rxa5 Rd1+
26. Kg2 Ra1 27. g4 $14) 24. Ra6 Rfc8 {would have solved all the problems!}) 23.
axb5 axb5 24. c5 Ra8 $2 {A loss of time.} ({The only way to provide resistance
was} 24... Kg7 $1 25. Ra6 ({Now} 25. Rb7 {isn't effective:} Rb8 26. c6 $2 Rxb7
27. cxb7 Rb8 {and suddenly White is in trouble!}) 25... b4 26. Rb6 Rb8 27. Rc4
b3 {Black manages to keep the passed b-pawn, though the position still seems
difficult after} 28. Rg4+ Kh6 29. Rgb4 Rbc8 30. Rc4 Rb8 31. Kg2 Rfc8 32. Rcb4
Ra8 33. Rb7 $16) 25. Rb7 Rfb8 26. c6 $1 {White's passed pawn is too strong now!
} b4 27. Rc4 b3 28. Kg2 $1 {The last precise move. Vladimit doesn't allow
Black to activate the rook.} ({The impatient} 28. Rcb4 $2 {would have spolied
the lion's share of the advantage:} Rc8 29. Rg4+ Kf8 30. Rc4 Ra1+ 31. Kg2 Rb1
32. c7 Ke7 $14) 28... Kg7 29. Rg4+ Kf8 30. Ra4 {Vladimir finds the most
elegant way of collecting the pawn.} (30. Rgb4 {was also possible:} Rc8 31. Rd7
$1 Rxc6 32. Rbb7 Kg8 33. Rxf7 b2 34. Rg7+ Kh8 35. Rxh7+ Kg8 36. Rhd7 $18) 30...
Kg7 31. Rxa8 Rxa8 32. Rxb3 $18 {The rest was quite easy for GM Kramnik.} Rc8
33. Rc3 f5 34. c7 Kf6 35. Kh3 Kg5 36. Rc5 Kg6 37. g4 e5 38. f4 f6 39. Rc6 exf4
40. exf4 fxg4+ 41. Kxg4 h5+ 42. Kf3 Kf5 43. h4 1-0